[Event "Aruba m"]
[Site "Aruba"]
[Date "1995.??.??"]
[Round "4"]
[White "Shirov, Alexei"]
[Black "Piket, Jeroen"]
[Result "1-0"]
[WhiteElo "2710"]
[BlackElo "2670"]
[Annotator "Shirov,A"]
[PlyCount "89"]
[EventDate "1995.02.??"]
[EventType "match"]
[EventRounds "8"]
[EventCountry "NAU"]
[SourceTitle "CBM 046"]
[Source "ChessBase"]
[SourceDate "1995.06.01"]
[SourceVersion "1"]
[SourceVersionDate "1995.06.01"]
[SourceQuality "1"]

1. d4 {Marin Kortschnoj} d5 2. c4 c6 3. Nc3 Nf6 4. Nf3 e6 5. Bg5 dxc4 6. e4 b5
7. e5 h6 8. Bh4 g5 9. Nxg5 hxg5 10. Bxg5 Nbd7 11. exf6 Bb7 12. g3 c5 13. d5 Qb6
14. Bg2 O-O-O 15. O-O b4 16. Na4 (16. Rb1 {Marin} Qa6 17. dxe6 Bxg2 18. e7 $36
{Kasparov,G-Kramnik,V New York (PCA) 25' 1994}) 16... Qd6 $5 (16... Qb5 {Marin}
17. a3) 17. dxe6 (17. Bf4 e5 18. Bg5 Bh6 $13) 17... Qxe6 18. Re1 Ne5 $1 $146 (
18... Qf5 {Agzamov-Timoschenko/URS/1982/}) (18... Qf5 {Marin} 19. Bxb7+ Kxb7
20. Bf4 Qxf6 21. Re8 $1 $16 {Agzamov-Timoscenko URSS 1982, Informatorul 34})
19. Qxd8+ (19. Bxb7+ Kxb7 20. Qxd8 (20. Qe2 Qh3 21. Qxe5 (21. Qe4+ Ka6 22. Qg2
Qxg2+ (22... Qf5 23. Rxe5 Qxe5 24. Qc6+ Ka5 25. Bf4) (22... Qxh2+ 23. Qxh2 Nf3+
24. Kg2 Nxh2 25. f3 {(25.Rh1?! Rg8)} Kb5 26. b3 c3 27. Re2 $16 {פh2}) 23. Kxg2
Nd3 24. Re4 Kb5 25. b3 c3 $44) 21... Qxh2+ 22. Kf1 Qh3+ 23. Ke2 Qg4+ 24. Kf1
Qh3+ $10) 20... Nf3+ 21. Kg2 Qc6 $1 (21... Nxe1+ 22. Rxe1 Qxe1 23. Qd7+ Ka6 24.
Qc6+ Ka5 25. Bf4 $18 {Agzamov}) 22. Re7+ (22. Kf1 {Kortschnoj} Nxg5 23. Re8 $16
) (22. Nxc5+ Bxc5 23. Qxh8 Nxe1+ 24. Kh3 (24. Kf1 Qf3 25. Kxe1 Bxf2+ 26. Kd2
Qd3+ 27. Kc1 b3 28. axb3 cxb3 $19) 24... Qe6+ 25. g4 (25. Kh4 Nf3+ 26. Kh5 Qh3+
27. Bh4 Qf5+ 28. Kh6 Qg6#) 25... Qe4 26. Rxe1 Qf3+ 27. Kh4 Bxf2+ 28. Kh5 Qh3+
29. Bh4 Qxh4#) 22... Bxe7 23. Qxh8 (23. Qxe7+ Ka8 $19 (23... Ka8 {Marin} 24.
Qxc5 (24. h4 Nxh4+ 25. Kf1 Nf5 26. Qxc5 (26. Qe5 Nd4 $19) 26... Nxg3+ 27. Ke1 (
27. fxg3 Qf3+) 27... Qh1+ 28. Kd2 Rd8+ 29. Kc2 Qe4+ 30. Kc1 Ne2#) (24. Be3
Nxh2+ 25. Kg1 Nf3+ 26. Kf1 Nd4 27. Ke1 (27. Bxd4 Qf3 $19) 27... Qf3 28. Bh6
Nc2+ 29. Kf1 (29. Kd2 Qd3+ 30. Kc1 Nxa1 31. Qb7+ Kxb7 32. Nxc5+ Kc6 33. Nxd3
cxd3 $19) 29... Nxa1 30. Nxc5 Nc2 31. Kg1 (31. Qd7 Qh1+ 32. Ke2 Qh5+ 33. Kd2
Qxc5) 31... Nd4 $17) 24... Qe4 25. Bh6 $3 Nxh2+ $1 (25... Rxh6 26. Qc8#) (25...
Nd2+ 26. f3) (25... Ng5+ $10 26. Kf1 $2 {(26.Kg1 Nf3+)} Re8 $19) 26. Kg1 Nf3+
27. Kf1 Nh2+ 28. Kg1 $10) (23... Ka6 24. Qe4 $1 $18)) 23... Nxg5+ 24. Kg1 Bxf6
$40) 19... Kxd8 20. Bxb7 Kc7 $4 (20... Bd6 21. Bf4 $1 (21. Rad1 {Marin} Kc7 22.
Bg2 Re8 (22... Qf5 23. Bf4 Nd3 (23... Re8 24. Rd5 Nf3+ 25. Bxf3 Rxe1+ 26. Kg2
Be5 27. Nxc5 {(/\Nd7)} c3 {(27...Qxf6 28.Nd7)} 28. bxc3 bxc3 29. Nd3 $16 c2 30.
Nxe1 Bxf4 31. Rxf5 c1=Q 32. Rxf4 Qxe1 33. a4 $16) 24. Re7+ Kd8 (24... Kc8 25.
Bxd6 Qxf2+ 26. Kh1 Qxf6 {(26...Qc2?? 27.Bb7+ Kd8 28.Bc7#)} 27. Rc7+ Kd8 28.
Be7+ $18) 25. Bxd6 Qxf2+ 26. Kh1 Qc2 (26... Qd4 $4 27. Bc7+ Kc8 28. Bb7+ Kxb7
29. Be5+) (26... Qxf6 27. Bxc5) 27. Rf1 Nf2+ (27... Qxa4 28. Bb7 Qa5 29. Rf5 {
/\Rd5, Bc7#}) 28. Rxf2 Qxf2 29. Nxc5 Qxf6 30. Nb7+ Kc8 31. Rc7+ Kb8 32. Rxf7+
$18) 23. f4 Qg4 (23... Nf3+ 24. Bxf3 Qxe1+ 25. Rxe1 Rxe1+ 26. Kf2 Ra1 27. Ke3
Rxa2 28. Bd1 b3 (28... c3 29. bxc3 Rxh2 30. Bb3) 29. Nc3 Rxb2 30. h4 Rh2 31.
Be2 $16) 24. fxe5 Bxe5 {~/=/+/=} (24... Rxe5 $5) 25. Bc1 Re6 (25... Bd4+ 26.
Kh1 {/\Bf4}) 26. Kh1 {(/\Nxc5)} Bd4 $6 27. Bf4+ Kc8 28. h3 Qh5 29. g4 $16) (21.
f4 Qh3 22. fxe5 Qxh2+ 23. Kf1 Qxg3 24. Rad1 (24. exd6 Qxg5 25. Rad1 Rh2 26. Re2
Qf5+ 27. Ke1 Rxe2+ 28. Kxe2 Qc2+ 29. Rd2 Qxa4 $17) 24... Qxg5 25. Rxd6+ Kc7 26.
Bg2 (26. Bf3 Qf4 $19) 26... Qf4+ 27. Kg1 Qh2+ $10) 21... Re8 (21... Kc7 22.
Nxc5 Qxf6 23. Bg2 $18) (21... Qxf6 22. Nxc5 Bxc5 23. Rxe5 Bxf2+ 24. Kg2 $18) (
21... Qh3 22. Bxe5 $18) 22. Bxe5 $1 Bxe5 23. Rad1+ Kc7 24. Nxc5 Qxf6 25. Rd7+
Kb6 26. Na4+ Kb5 27. b3 $18) (20... Qf5 $1 21. Rxe5 (21. Rad1+ Nd3 22. Bf4 Bd6
$1 23. Be4 Qh3 24. Rxd3 cxd3 25. Bxd6 Qxh2+ 26. Kf1 Qh1+ 27. Bxh1 Rxh1+ 28. Kg2
Rxe1 29. Bf4 Re2 30. Kf3 c4 $17) 21... Qxe5 22. Rd1+ Kc7 (22... Ke8 23. Bc6#) (
22... Bd6 23. Bf4) 23. Bf4 Qxf4 24. gxf4 Kxb7 25. Rc1 (25. Rd8 {Marin} Kc6 {
(/\Bg7, /\Kb5)} (25... Bg7 $4 26. Rd7+ Kc6 27. fxg7) 26. Rc8+ Kd7 (26... Kb5 $6
27. Nxc5 Rh5 28. Ne4 $14) 27. Ra8 Kc6 $10) (25. Rd7+ Kc6 26. Rxa7 (26. Rxf7 a5
{/\27...Kb5 28.b3 c3-/+}) 26... Kb5 27. Kg2 Bd6 $17 {(פa4)} 28. b3 $6 c3 $1)
25... Rh6 26. Rxc4 Kc6 $10) 21. Bg2 Qd7 22. Bf4 $1 Qxa4 23. Bxe5+ (23. a3 $1
Bd6 (23... Qd7 24. axb4 $18) 24. axb4 Qxb4 25. Bxe5 $40) (23. b3 $5 {Marin} Qa6
(23... cxb3 24. axb3 Qxb3 25. Rxa7+ $40 {+-}) 24. Rxe5 Kc8 (24... Bd6 25. Rxc5+
Kb8 26. Rc6) (24... Kb6 25. Re8 {(25.Bf1)} Bg7 26. Bc7+ Kxc7 27. Re7+ Kb6 28.
fxg7 Rg8 29. Rxf7 $16) 25. Re8+ (25. Rd1 Bd6 26. Rxd6 Qxd6 27. Re8+ Rxe8 28.
Bxd6 Re1+ 29. Bf1 c3) 25... Kd7 26. Rb8 cxb3 27. Rd1+ Ke6 28. Re8+ Kf5 29. Be4+
Kg4 (29... Kxf6 30. Be5+ Kg5 31. Bxh8 $40) 30. f3+ Kh5 (30... Kh3 31. Bf5#) 31.
Rd5#) 23... Kb6 (23... Bd6 {Marin} 24. Bxd6+ Kxd6 25. b3 $3 {(><d1)} cxb3 (
25... Qa3 26. Re7 {/\Rd1#}) 26. axb3 Qxb3 (26... Qb5 27. Re7 Qd3 28. Be4 Qe2
29. Bb7 Qd3 30. Ra6+ $18) 27. Ra6+ Kc7 28. Rxa7+ Kb6 (28... Kd6 29. Ra6+ Kc7
30. Re7+ Kb8 31. Ra8#) (28... Kb8 29. Ra8+ Kc7 30. Re7+ Kb6 31. Rb7#) 29. Rb7+
Ka6 30. Ra1+ $18) 24. Rad1 (24. a3 Qd7 $13) 24... Rh5 (24... Qxa2 {Marin} 25.
Rd8 (25. Rd7 $5) 25... Kb5 (25... a5 $2 26. Rb8+ Ka6 27. Bc7 c3 28. bxc3 b3 29.
Bc6 Bd6 30. Rb6+ Ka7 31. Rb7+ Ka6 32. Bxd6 Qd2 33. Ree7 $18) (25... c3 26. bxc3
b3 27. Rb8+ Ka5 28. Bd5 {; 28.Bc6}) 26. Bd5 $16) (24... Bh6 {Marin} 25. Rd6+
Ka5 26. b3 Qe8 (26... cxb3 27. Bf1 $18) (26... Qxa2 27. Ra1 Qxa1+ 28. Bxa1 Re8
29. Bf1 Re1 30. Kg2 Bf8 31. Rc6 Kb5 32. Rc8) (26... Qa3 27. Bb7 Kb5 28. bxc4+
Kxc4 29. Ba6+ $18) (26... Qb5 27. Bf1 {+- (27.a4!?)}) 27. bxc4 $40 Bf8 28. Rc6
{+-, /\ 29.Bc7+ Ka4 30.Ra6#}) 25. Rd8 Rxe5 $8 26. Rxe5 c3 (26... Bh6 {Marin}
27. Rd6+ Kc7 28. Rc6+ Kb8 (28... Kd8 29. Rd5+ Ke8 30. Rc8#) (28... Kd7 29. Re7+
Kd8 30. Rd6+ Kc8 31. Bb7+ Kb8 32. Rd8#) 29. Re8+ Kb7 30. Rxc5+ Kb6 31. Rc6+ Kb7
32. Rxc4+ Ka6 (32... Kb6 33. Rxb4+ Qxb4 34. Rb8+ Kc5 35. Rxb4 Kxb4 36. Bd5 $18)
33. Rc6+ Kb7 34. Re7+ Kb8 35. Rd6 Qa5 36. Rdd7 $18) 27. bxc3 bxc3 28. Rb8+ $6 (
28. Be4 $142 $1) 28... Ka5 (28... Ka6 {Marin} 29. Bf1+ Ka5 (29... c4 30. Bh3)
30. Rxf8) 29. Rxf8 Qd1+ 30. Bf1 Qd6 31. Rfe8 (31. Re7 c2 32. Rxa7+ Kb4 33. Rfa8
c1=Q (33... Qc6 34. Rb8+ Kc3 35. Ra3+ Kd4 (35... Kd2 36. Rd3+ Kc1 37. h4 Qxf6
38. Rdd8 $18 {עc1, o^a,h}) 36. Rd3+ Ke5 37. Rc3 $18) 34. Ra4+ Kc3 35. Rc4+ Kd2
36. Rxc1 Kxc1 37. Ra4 Kb2 (37... Qxf6 {Marin} 38. Rf4 Qe7 39. a4 {/\h4+- o^a,h}
) 38. Rf4 $18) 31... c2 32. Re1 Qd1 33. R8e7 $1 Kb6 (33... c1=Q {Marin} 34.
Rxd1 Qxd1 35. Rxa7+ Kb6 36. Rxf7 c4 37. Re7 c3 38. f7 Qf3 39. Re3 Qxf7 40. Rxc3
$18) 34. h4 $1 c1=Q 35. Rxd1 Qxd1 36. Rxf7 c4 (36... Qa1 {Marin} 37. h5 Qxa2
38. Rd7 Qe6 39. f7 Qf6) 37. Re7 c3 38. f7 Qf3 39. Rb7+ $1 (39. Re3 {Marin} Qxf7
40. Rxc3 Qxa2 $132 {o^a}) 39... Kc5 (39... Qxb7 40. f8=Q c2 41. Qb4+ Kc7 42.
Qf4+ $18) (39... Kxb7 {Marin} 40. Bg2) 40. Rc7+ Kd6 41. Bg2 Qd1+ (41... Qxf7 {
Marin} 42. Rxf7 c2 43. Rf6+ Kd7 44. Rc6) 42. Kh2 Kxc7 43. f8=Q c2 44. Qf4+ Kb6
45. Bf3 (45. Bf3 Qb1 46. Be4 $18) 1-0

[Event "Las Palmas"]
[Site "Las Palmas"]
[Date "1994.??.??"]
[Round "9"]
[White "Shirov, Alexei"]
[Black "Morovic Fernandez, Ivan"]
[Result "1-0"]
[WhiteElo "2705"]
[BlackElo "2605"]
[Annotator "Shirov,A"]
[PlyCount "79"]
[EventDate "1994.05.??"]
[EventType "tourn"]
[EventRounds "9"]
[EventCountry "ESP"]
[EventCategory "17"]
[SourceTitle "CBM 042"]
[Source "ChessBase"]
[SourceDate "1994.10.01"]
[SourceVersion "1"]
[SourceVersionDate "1994.10.01"]
[SourceQuality "1"]

1. d4 d5 2. c4 c6 3. Nc3 Nf6 4. Nf3 e6 5. Bg5 dxc4 6. e4 b5 7. e5 h6 8. Bh4 g5
9. Nxg5 hxg5 10. Bxg5 Nbd7 11. g3 Rg8 12. h4 Rxg5 13. hxg5 Nd5 14. g6 fxg6 15.
Qg4 Qe7 16. Bg2 $1 (16. Qxg6+ Qf7 17. Qxf7+ Kxf7 $13) 16... Qf7 17. Be4 Ne7 18.
Nxb5 $1 $146 (18. O-O-O Ba6 $15 {Beliavsky,A-Kramnik,V/Linares/1993/}) 18...
cxb5 19. Bxa8 Nb6 20. Be4 Bd7 $1 (20... Nbd5 21. Rh8 $1) 21. Rh8 Bc6 22. f3 $1
(22. Bxc6+ Nxc6 23. O-O-O Nd5 $132) 22... Nbd5 $2 (22... Kd7 $1 23. Ke2 $1 (23.
O-O-O Bg7) 23... Bg7 24. Rh7 Nbd5 25. Rah1 $14) 23. Kf2 Nb4 (23... Kd7 24. Rah1
Bg7 25. R1h7 Nb4 (25... b4 26. Qg5 $1 c3 (26... a5 27. Ke1 $3 a4 28. Bxd5 Bxd5
29. Rxg7 Qxg7 30. Qf6 $18) 27. bxc3 Nxc3 (27... bxc3 28. Qc1 $1 {/\ Qa3}) 28.
Bxc6+ Kxc6 29. Rxg7 Ne4+ (29... Qxg7 30. Qf6 Nf5 31. Qxe6+ $18) 30. Kg2 Nxg5
31. Rxf7 Nxf7 32. Rh7 $18) 26. Bxc6+ Nbxc6 27. Qh4 $1 {/\ 28.Rg7 Qg7 29.Rh7}
Qf5 $1 (27... Nf5 $2 28. Rxg7 Qxg7 (28... Nxg7 29. Qf6 $18) 29. Rh7) 28. Rxg7
Qc2+ 29. Kg1 Qxb2 (29... Qb1+ 30. Kg2 Qxb2+ 31. Kh3 c3 32. Rhh7 Qa3 33. Qe4 $18
) (29... Qd1+ 30. Kg2 Qc2+ (30... Qe2+ 31. Kh3 Qxf3 32. Qf6 $1 Qh1+ 33. Kg4
Qd1+ (33... Qxh8 34. Rxe7+) 34. Kg5 $18) 31. Kh3 Qf5+ 32. g4 $1 (32. Qg4 $2 Qb1
) 32... Qxf3+ 33. Qg3 Qh1+ 34. Qh2 Qf3+ 35. Kh4 Nxd4 36. Rhh7 Ndf5+ (36... Ndc6
37. Qd2+) 37. gxf5 Qe4+ 38. Kg5 Qxf5+ 39. Kh6 $18) 30. Rhh7 Qb1+ 31. Kg2 Qc2+
32. Kh3 Qf5+ 33. Qg4 c3 (33... Qb1 34. Qg5 $18) 34. Qxf5 gxf5 35. Kg2 c2 36.
Rh1 Nxd4 37. Kf2 b4 38. Rc1 $1 (38. Ke3 $2 b3 $19) 38... Kd8 39. Ke3 Nec6 40.
Rxa7 $1 $18) 24. a3 $1 (24. Rah1 Bxe4 $2 25. Qxe4 Nbd5 26. R1h7 Qf5 $13) 24...
Nd3+ (24... Bxe4 25. axb4 Bf5 26. Qg5 Nc8 (26... Nc6 27. Qf6 $1 Qxf6 28. exf6
Kf7 29. Ra6 $18) 27. Qh6 Ke7 28. Qh4+ Kd7 29. Qf6 Ke8 30. Ra6 $1 Qxf6 31. exf6
Kf7 32. Rc6 $18) 25. Bxd3 cxd3 26. Rd1 Qf5 27. Qxf5 gxf5 28. Rxd3 Bd5 29. Rc3
Nc6 (29... Bc4 30. b3 Nd5 31. Rxc4 bxc4 32. bxc4 Nb6 (32... Nc3 33. Ke3) 33. c5
$18) 30. Ke3 Kf7 31. Rh7+ $1 Bg7 32. Rh2 Kg6 $6 (32... Ke8 $1 33. g4 $5 $16)
33. Rhc2 Na5 34. Rc7 a6 (34... Bh6+ 35. f4 Nc4+ 36. Ke2 Be4 37. Rc3 a5 38. Rc5
$18) 35. Ra7 Nc4+ 36. Ke2 a5 37. b3 Nxa3 38. Rc8 Bh6 39. Rg8+ Kh5 40. Rh7 {
/\ g4} (40. Rh7 Bxb3 41. g4+ $18) 1-0

[Event "WchT 3rd"]
[Site "Luzern"]
[Date "1993.??.??"]
[Round "6.1"]
[White "Kamsky, Gata"]
[Black "Shirov, Alexei"]
[Result "0-1"]
[WhiteElo "2645"]
[BlackElo "2685"]
[Annotator "Shirov,A"]
[PlyCount "62"]
[EventDate "1993.10.24"]
[EventType "team-tourn"]
[EventRounds "9"]
[EventCountry "SUI"]
[SourceTitle "CBM 038"]
[Source "ChessBase"]
[SourceDate "1994.02.01"]
[SourceVersion "1"]
[SourceVersionDate "1994.02.01"]
[SourceQuality "1"]
[WhiteTeam "US of America"]
[BlackTeam "Latvia"]
[WhiteTeamCountry "USA"]
[BlackTeamCountry "LAT"]

1. d4 {Kortschnoj Konikowski Ftacnik} d5 2. c4 c6 3. Nc3 Nf6 4. Nf3 e6 5. Bg5
dxc4 {Dieser Zug führt in der Regel zu haarsträubenden Verwicklungen, in
welchen häufig die bessere häusliche Vorbereitung entscheidet.} (5... h6 6.
Bxf6 Qxf6 7. e3 {(Kamsky - Kramnik, 4. Runde) sichert Weiss einen kleinen
Vorteil. Nach} Nd7 8. Bd3 g6 9. O-O Bg7 10. e4 dxc4 11. e5 Qe7 12. Bxc4 O-O 13.
Qe2 {war der weisse Raumvorteil fühlbar.}) 6. e4 b5 7. e5 h6 8. Bh4 g5 9. Nxg5
hxg5 10. Bxg5 Nbd7 11. exf6 (11. g3 {wurde auch schon oft gespielt.} Bb7 (11...
Rg8 {Konikowski} 12. h4 Rxg5 13. hxg5 Nd5 14. g6 fxg6 15. Qg4 Qe7 16. Qxg6+ Qf7
17. Qxf7+ Kxf7 18. Ne4 Bb4+ 19. Ke2 (19. Kd1 $5 c3 20. Kc2 cxb2 21. Kxb2 $13)
19... c3 20. bxc3 Nxc3+ 21. Nxc3 Bxc3 22. Rd1 b4 23. Bg2 Ba6+ 24. Ke3 Rg8 25.
Bxc6 Nb6 26. Rh6 Bc4 $17 {Lobron,E-Shirov,A/BL/8384/}) 12. Bg2 Qb6 13. exf6 c5
14. d5) 11... Bb7 12. g3 c5 13. d5 Bh6 $1 {Eine interessante Alternative zu
den Standard-Fortsetzungen} (13... Qb6 {und}) (13... Nb6) 14. Bxh6 Rxh6 15. Qd2
Qxf6 $1 (15... Rxf6 {Karpow - Ribli, Olympiade Saloniki 1988??}) 16. O-O-O (16.
Ne4 Qe5 $1 (16... Qf3 $2 17. Nd6+ Ke7 18. Nxb7 Qxh1 19. d6+ Ke8 20. Qxh6 Qxb7
21. Qh4) (16... Qe5 {Kortschnoj} 17. Bg2 exd5 18. Qxh6 dxe4 19. O-O-O $13)) (
16. Bg2 Ne5 17. O-O O-O-O 18. f4 (18. Qe3 {und nun ist} Rxh2 $5 {mit der
Absicht} 19. Qxc5+ (19. f4 Rxg2+ 20. Kxg2 Nd3 {und 21. ... b4}) 19... Kb8 20.
Kxh2 $2 (20. Nxb5 Rxg2+ 21. Kxg2 Bxd5+ 22. f3 Bxf3+ 23. Kg1 Rd7 $1 24. Nd6 Qh8
{ist für Weiss ebenfalls ungemütlich}) 20... Rh8+ 21. Kg1 Nf3+ 22. Bxf3 Qxf3 {
sehr interessant.}) 18... Nd3 19. dxe6 (19. Nxb5 exd5) 19... Qd4+ 20. Kh1 Rxh2+
$1 21. Kxh2 Qh8+ $1 (21... Rh8+ 22. Bh3 f5 23. Ne4 $1 Bxe4 24. Qc3) 22. Bh3 f5
$1 {mit der tödlichen Drohung 23. ... Dxh3+} 23. Nd5 (23. Kg1 Qxh3 24. Qh2
Qxh2+ 25. Kxh2 Rh8+ {und matt}) 23... Bxd5 24. Qc3 Qh6 25. e7 Rh8 26. e8=Q+
Rxe8 {und die Drohungen 27. ... b4 und 27. ... Th8 entscheiden.}) 16... Kf8 $1
(16... Bxd5 {Jusupow - Schirow, Linares 1993. Von Jusupow in seinen
Kommentaren vorgeschlagen.}) (16... Bxd5 {Ftacnik} 17. Nxd5 exd5 18. Bg2 Nb6
19. Qe3+ Kf8 20. Qxc5+ Kg8 21. Qd4 Re8 $13 {Yusupov,A-Shirov,A/Linares/1993/})
17. f4 {Gegen ... Se5 gerichtet.} (17. Ne4 Qg6) (17. Bg2 Ne5 18. Ne4 Nd3+ 19.
Qxd3 cxd3 20. Nxf6 Rxf6 21. Rxd3 Rxf2) (17. g4 {mit der Drohung 18. g5.} Rg6 $1
(17... Rh4 18. Rg1 (18. dxe6 Bxh1 19. exd7 Rd8 20. Nxb5 Rxh2 $19) 18... exd5
19. Nxd5 Bxd5 20. Qxd5 Rd8 21. h3 Qxf2 22. Qd6+ Kg7 23. Qe7 Nf6 (23... Rhh8 24.
Rg2 Qf4+ 25. Kb1 Rhe8 26. Qh4 Nf6 $17) 24. Rxd8 Qxg1 25. Rd1 (25. Qe1 Rxh3 $19)
25... Qf2 26. Qxa7 Nxg4 $1 27. hxg4 Rh2 $19) 18. h3 (18. Rg1 {Konikowski} Ne5
19. g5 Qf5 20. Qe3 exd5 21. Bh3 Qf3 (21... Nd3+ $2 22. Rxd3 Qxd3 23. Qxc5+ Kg7
24. Rg3 Rc6 25. Qe7 Qd4 26. Qxb7 $16) 22. Qxc5+ Kg8 23. Nxd5 Bxd5 24. Qxd5 Qxd5
25. Rxd5 Nd3+ 26. Kb1 Nf4 27. Rf5 Nxh3 28. Rg3 Nxf2 29. Rxf2 $10 {Piket,
J-Kaidanov,G/Tilburg/1993/}) 18... b4 19. Ne4 c3 $1 20. bxc3 Qf3 21. dxe6 Bxe4
22. exd7 bxc3 23. d8=Q+ Kg7 $3 {und Schwarz hat vermutlich die besseren
Chancen, z.B.} 24. Q2d4+ cxd4 25. Qxd4+ Rf6 $1) (17. Qe3 $6 {Kortschnoj} exd5
18. Nxd5 Qe6 19. Bg2 Qxe3+ 20. Nxe3 Bxg2 21. Nxg2 Ne5 22. Nf4 Ng4 $15) 17...
Nb6 $1 18. Bg2 (18. g4 {Konikowski} Rh4 19. Ne4 Qg6 20. Nxc5 Bxd5 21. Rg1 Rxg4
$17) (18. Ne4 {Konikowski} Qg7 19. Bg2 Bxd5 20. Nc3 b4 21. Nxd5 exd5 22. Qf2
Rc8 23. Bxd5 c3 24. b3 c4 25. Bxc4 Nxc4 26. bxc4 b3 27. Qd4 (27. axb3 Ra6 28.
Qe3 Ra1+ 29. Kc2 Ra2+ 30. Kb1 Rb2+ 31. Kc1 c2 32. Rd4 Rb1+ 33. Kxc2 Rxh1 $19)
27... Qxd4 28. Rxd4 Ra6 {0-1 Vladimirov,J-Bareev,J/Tilburg/1993/}) 18... exd5
19. Qf2 (19. Nxd5 Bxd5 20. Bxd5 Rd8 21. Qg2 c3 {kam für Weiss schwerlich in
Betracht.}) (19. Nxb5 {Konikowski} Bc6 20. Nc7 (20. Qa5 d4 21. Bxc6 Qxc6 $17)
20... Rd8 (20... Rc8 21. Nxd5 Nxd5 22. Bxd5 Rd8 23. Qg2 $16) 21. f5 (21. Qa5
Na4 22. Rd2 c3 23. bxc3 Qxc3+ 24. Qxc3 Nxc3 25. Na6 Na4 26. h4 d4 27. Nc7 Bxg2
28. Rxg2 c4 29. Re1 d3 30. Re4 c3 31. Rg1 (31. Rxa4 d2+ 32. Kd1 c2+ $19) 31...
Nb2 $19) 21... Na4 22. g4 c3 23. bxc3 Qxc3+ 24. Qxc3 Nxc3 25. Rd2 d4 26. Ne6+
fxe6 27. Bxc6 exf5 28. Bf3 fxg4 29. Bxg4 Rf6 30. a3 Ne4 31. Rg2 d3 32. Rhg1 Rd4
33. Bh5 Ke7 34. Rg7+ Kd6 35. Rxa7 Rc4+ 36. Kd1 Rc2 37. Ra6+ Ke5 38. Rxf6 Kxf6
39. Rf1+ Ke5 40. Re1 Kd4 {0-1 Alterman,B-Kamsky,G/Tilburg/1993/}) 19... Rc8 (
19... d4 $2 {Konikowski} 20. Bxb7 Rb8 21. Ne4 Qe7 22. Nxc5 $2 (22. f5 $1 Rxb7
23. Qf4 Rh8 (23... Rc6 24. f6 Qe6 25. Nxc5 $1 Rxc5 26. Rhe1 $18) 24. f6 Qc7 25.
Nd6 Rb8 26. Qg5 Rh7 27. Nxb5 Qc6 28. Nxa7 $16) 22... Qxc5 23. Bf3 Rd8 24. h4 c3
25. Rd3 Na4 $17) 20. Nxb5 $6 {Vielleicht war [#]} (20. g4 {(wonach} Rg6 {
folgen kann) etwas genauer.} (20... Qh4 {Ftacnik} 21. Qxh4 Rxh4 22. h3 Rd8 23.
Nxb5 $10) 21. h3 (21. h3 {Konikowski} b4 22. Nxd5 Bxd5 23. Bxd5 c3 24. f5 (24.
b3 c4 (24... Nxd5 25. Rxd5 c4 26. Rc5 $1) 25. Be4 Rg8 26. Bf5 Rc7 27. Rhe1 Kg7
(27... a5 28. g5 $1 Qxf5 29. Rd8+ Kg7 30. Qd4+ Kh7 31. Rxg8 f6 32. Ree8 cxb3
33. Rh8+ Kg6 34. Rh6+ Kg7 35. Rg8+ Kxg8 36. Qd8+ Kg7 37. Qh8+ Kf7 38. Rxf6+ $18
) 28. h4 cxb3 29. axb3 a5 $13) 24... Rg8 25. b3 Nxd5 26. Rxd5 Qh6+ 27. Kb1 Rxg4
28. Rxc5 Rd8 29. Rc7 Rd2 30. Qxa7 Rb2+ 31. Ka1 Rgg2 32. Rc8+ (32. Rxf7+ Kg8 33.
Rd7 Rxa2+ 34. Qxa2 Rxa2+ 35. Kxa2 Qa6+ 36. Kb1 Qe2 37. Rg1+ Kf8 38. Rd8+ Ke7
$19) 32... Kg7 33. Qd4+ Qf6 34. Qxf6+ (34. Rg8+ Kxg8 35. Qxf6 Rxa2+ 36. Kb1
Rgb2+ 37. Kc1 Ra1#) 34... Kxf6 35. Ra8 Kxf5 36. h4 Rh2 37. Rf1+ Rbf2 38. Rxf2+
Rxf2 39. Kb1 Rh2 40. Ra5+ Ke4 41. Rb5 f5 42. Rxb4+ Kd3 43. a4 Rh1+ 44. Ka2 c2
$19)) (20. Bxd5 {Konikowski} Nxd5 21. Nxd5 Qa6 22. Qe3 Bxd5 23. Rxd5 Qxa2 $17)
(20. Nxd5 {Konikowski} Bxd5 21. Bxd5 c3 22. Bf3 (22. b3 c4 $1) 22... Nc4 23. b3
c2 $1 $19) 20... Na4 $1 {Mit der Idee 21. ... c3.} 21. Qc2 (21. Bxd5 $2 Bxd5
22. Rxd5 Qc6 (22... Qc6 {Konikowski} 23. Nxa7 Qxd5 24. Rd1 Qb7 25. Nxc8 Qxc8
$17)) (21. Nxa7 {Konikowski} Rb8 22. Qc2 Qa6 23. b3 Nb6 $19) 21... Qa6 $1 22.
Na3 {Notwendig, denn} (22. Nc3 Nxc3 23. Qxc3 (23. bxc3 Rb6 (23... Rb6 {
Konikowski} 24. Rd2 d4 25. Bxb7 Qxb7 26. Re1 Rb8 $19)) 23... Qxa2 (23... d4 {
Ftacnik} 24. Bxb7 Qxb7 25. Qxc4 Rb6 26. Qc2 (26. b3 Rb4 27. Qc2 c4 $1) 26...
Rb8 27. b3 c4 $1 $17) 24. Rxd5 (24. Bxd5 $2 Bxd5 25. Rxd5 Qa1+ 26. Kc2 Qxh1) (
24. Qa3 Qxa3 25. bxa3 Rd8 $19) 24... Bxd5 25. Bxd5 Rb8 $1 26. g4 Rb3 {und
Schwarz gewinnt.}) 22... c3 $1 23. Bxd5 $6 {Nach langem Nachdenken. Schirow
wollte nach} (23. bxc3 {den Zug} Qa5 $1 {Die Folge könnte sein:} (23... c4 {
Konikowski} 24. Nb1 (24. Bxd5 Bxd5 25. Rxd5 Nb6 $19) 24... Nc5 25. Rd4 Nd3+ 26.
Kd1 Rb6 {/\Rb2-+}) 24. Nc4 $2 (24. Nb1 Rb8 {mit der Absicht} 25. Bxd5 Bxd5 26.
Rxd5 Rhb6) 24... Qxc3 25. Bxd5 Bxd5 26. Rxd5 Qa1+ 27. Qb1 Qxb1+ 28. Kxb1 Nc3+ {
und Weiss müsste die Waffen strecken.}) 23... Nxb2 24. Qf5 (24. Bxb7 Qxa3 25.
Bxc8 (25. Qb3 {Konikowski} Qxb3 26. axb3 Rc7 27. Rd8+ (27. Bf3 Nxd1 $19) 27...
Ke7 28. Rb8 Rb6 29. Kc2 c4 $1 (29... Rcxb7 30. Rxb7+ Rxb7 31. Kxc3 c4 32. Kxb2
Rxb3+ 33. Kc2 Ra3 34. Rd1 a5 35. Rd4 Ra2+ 36. Kc3 Rxh2 37. Rxc4 Rh3 38. Ra4
Rxg3+ 39. Kd4 Rg4 40. Ke4 $10) 30. Re1+ Kf6 31. bxc4 Nxc4 32. Kxc3 Nd6+ $19)
25... Nc4+ $1 26. Kb1 Rb6+ 27. Ka1 Qb2+ $1 28. Qxb2 cxb2+ 29. Kb1 Na3# {matt.})
24... Rf6 (24... Bxd5 $5 {Kortschnoj} 25. Rxd5 Nd3+ 26. Qxd3 Qxa3+ 27. Kd1 Qxa2
$36) 25. Qh7 (25. Bxb7 Nd3+ $1 26. Kb1 (26. Qxd3 Qxa3+ {und matt} (26... Qxa3+
{Ftacnik} 27. Kc2 Qb2#)) (26. Kc2 Qa4+ (26... Qa4+ 27. Kxd3 Rxf5 $19)) (26.
Rxd3 {Konikowski} Qxa3+ 27. Kd1 Rxf5 $19) 26... Qxb7+) 25... Qxa3 $1 (25...
Nxd1 {Konikowski} 26. Re1 $1) 26. Qh8+ Ke7 27. Rhe1+ (27. Rde1+ {Konikowski}
Kd7 28. Qxf6 Nd3+ 29. Kd1 (29. Kc2 Qb2+ 30. Kxd3 Qd2+ 31. Kc4 Bxd5+ 32. Kb5
Qb2+ 33. Ka5 Qxa2+ 34. Kb5 Bc4#) 29... Qc1+ 30. Ke2 Qd2+ 31. Kf3 Nxe1+ $19)
27... Kd7 $1 28. Qh3+ (28. Be6+ Kc6 {oder} (28... Kc7 29. Rd7+ Kc6 (29... Kc6 {
Kortschnoj} 30. Qxf6 Nd3+ 31. Kc2 (31. Kd1 Qc1+ $19) 31... Qb2+ 32. Kxd3 Qd2+
$19)) (28... Kc6 {Konikowski} 29. Bd5+ Kb5 $19)) (28. Bxb7+ {Kortschnoj} Nxd1+
29. Kxd1 Rxh8 $19) (28. Qxf6 {Kortschnoj} Nd3+ 29. Kc2 Nxe1+ 30. Rxe1 Qb2+ 31.
Kd3 Qd2+ $19) 28... Kd6 $1 29. Bxb7+ Nxd1+ 30. Kxd1 Qxa2 31. Qg2 Qb1+ {Weiss
überschritt die Bedenkzeit!} (31... Qb1+ 32. Ke2 Re6+) 0-1